| 000 | 00413nam a22001577a 4500 | ||
|---|---|---|---|
| 020 | _a9780471592723 | ||
| 040 | _cNust | ||
| 082 |
_a620.1 _bMER |
||
| 100 |
_aMeriam, . L. J, _9123373 |
||
| 110 |
_aKraige, G. L _9123374 |
||
| 245 |
_aEngineering Mechanics _bStatics |
||
| 250 | _a3rd Edition | ||
| 260 |
_aNew York: _bJohn Wiley & Sons Inc, _c1993. |
||
| 650 |
_aEngineering Mechanics _959741 |
||
| 942 |
_2ddc _cBK |
||
| 999 |
_c609963 _d609963 |
||